Historia de Chile

Guardat en:
Dades bibliogràfiques
Autor principal: Frías Valenzuela, Francisco (Autor)
Format: Llibre
Idioma:espanyol
Publicat: Santiago Nascimento 1976
Edició:3a. ed
Matèries:
Etiquetes: Afegir etiqueta
Sense etiquetes, Sigues el primer a etiquetar aquest registre!

MARC

LEADER 00000nam a2200000 a 4500
001 UCT3357
003 CL-VaPUC
008 961018e19760900CL |||||||||||||||||spa|d
082 0 4 |a 983  |b FRI  |2 21 
100 0 |a Frías Valenzuela, Francisco  |e author  |9 372289 
245 1 0 |a Historia de Chile 
250 |a 3a. ed 
300 |a 3 v 
942 |c BK 
945 |d 19961018 00:00:00  |a lriquelm 
260 |a Santiago  |b Nascimento  |c 1976 
500 |a v.1: Los orígenes 
500 |a v.2: La república 
500 |a v.3: La república hasta 1973 
650 0 |a Historia de Chile  |9 265473 
651 7 |a CHILE  |2 CL-VaPUC  |9 372290 
583 |a last modification  |c 19961018 00:00:00  |k Rodrigo Vera 
999 |c 253038  |d 253036 
952 |0 0  |1 0  |4 0  |6 983_000000000000000_FRI_1976  |7 0  |8 A  |9 273433  |a BIBCUR  |b BIBCUR  |d 2019-11-19  |h v.1  |i 1774204  |o 983 FRI 1976  |p 1774204  |r 2025-04-22  |w 2019-11-19  |y BK  |k BCB 
952 |0 0  |1 0  |4 0  |6 983_000000000000000_FRI_1976  |7 0  |8 A  |9 273434  |a BIBCUR  |b BIBCUR  |d 2019-11-19  |h v.2  |i 1774212  |o 983 FRI 1976  |p 1774212  |r 2025-04-22  |w 2019-11-19  |y BK  |k BCB 
952 |0 0  |1 0  |4 0  |6 983_000000000000000_FRI_1976  |7 0  |8 A  |9 273435  |a BIBCUR  |b BIBCUR  |d 2019-11-19  |h v.3  |i 1774220  |o 983 FRI 1976  |p 1774220  |r 2025-04-22  |w 2019-11-19  |y BK  |k BCB